000
00302nam a22001337a 4500
008
170601b xxu||||| |||| 00| 0 eng d
020
_a
021898613226
041
_a
eng
080
_a
94(7/8)
100
_a
17
101
_a
SHH
245
_a
AMERICAN HISTORY DESK REFERENCE
_c
MILLER,M
942
_2
udc
_c
BK
999
_c
15324
_d
15324